[Event "Balabanovo Winter Rating"]
[Site "Balabanovo"]
[Date "2012.12.08"]
[Round "1"]
[White "Petukhov, Nikolay"]
[Black "Naibov, Fizuli"]
[Result "1/2-1/2"]
[WhiteElo "1791"]
[BlackElo "1731"]
[PlyCount "108"]
[EventDate "2012.12.08"]
[EventType "tourn"]
[EventRounds "11"]
[EventCountry "RUS"]
[SourceTitle "EXT 2023"]
[Source "ChessBase"]
[SourceDate "2022.10.05"]
[SourceVersion "1"]
[SourceVersionDate "2022.10.05"]
[SourceQuality "1"]

1. e4 e5 2. Nf3 d6 3. Bc4 Be7 4. 0-0 Nf6 5. Re1 Nbd7 6. d4 exd4 7. Nxd4 Ne5 8. Bd3 Nxd3 9. cxd3 a6 10. Bd2 Bd7 11. Bc3 b5 12. a3 Qc8 13. b4 0-0 14. Nd2 Re8 15. Rc1 Qb7 16. N4b3 Ng4 17. h3 Ne5 18. Nf3 Bf6 19. Nxe5 Bxe5 20. d4 Bf4 21. Nd2 Bxd2 22. Bxd2 Rxe4 23. Rxe4 Qxe4 24. Rxc7 Be6 25. Bc1 Bc4 26. Qg4 Qxg4 27. hxg4 h6 28. Bf4 d5 29. Bd2 Re8 30. Be3 Re4 31. Ra7 Rxg4 32. Rxa6 f5 33. f3 Rh4 34. g3 Rh5 35. f4 Bd3 36. Ra5 Be4 37. Rxb5 Rh1+ 38. Kf2 Rh2+ 39. Ke1 Kh7 40. Bf2 Bf3 41. Rc5 Rh1+ 42. Kd2 Ra1 43. Rc3 Ra2+ 44. Rc2 Rxa3 45. Rb2 Bh5 46. b5 Be8 47. b6 Ra8 48. Kd3 Kg6 49. Ke3 Kf6 50. Be1 Ke6 51. Bb4 Bc6 52. Bc5 Bb7 53. Kf3 Re8 54. Re2+ Kd7 1/2-1/2

[Event "Moscow op-E"]
[Site "Moscow"]
[Date "2011.02.06"]
[Round "9.211"]
[White "Petukhov, Nikolay"]
[Black "Prasolov, Petr"]
[Result "0-1"]
[WhiteElo "1803"]
[BlackElo "2014"]
[PlyCount "88"]
[EventDate "2011.01.29"]
[EventType "swiss"]
[EventRounds "9"]
[EventCountry "RUS"]
[SourceTitle "EXT 2022"]
[Source "ChessBase"]
[SourceDate "2021.10.06"]
[SourceVersion "1"]
[SourceVersionDate "2021.10.06"]
[SourceQuality "1"]

1. b4 Nf6 2. Bb2 e6 3. b5 g6 4. e3 Bg7 5. c4 0-0 6. Nf3 d5 7. cxd5 Nxd5 8. Bxg7 Kxg7 9. d4 c6 10. a4 Qa5+ 11. Nbd2 Bd7 12. Ne5 Nc3 13. Qc1 cxb5 14. axb5 Qc7 15. Qb2 Nd5 16. Be2 f6 17. Nec4 a6 18. b6 Qd8 19. Bf3 Bc6 20. 0-0 Nd7 21. e4 N5xb6 22. Nxb6 Qxb6 23. Qc3 Bb5 24. Rfe1 Rac8 25. Qe3 Rfd8 26. h4 Nb8 27. Rac1 Rxc1 28. Rxc1 Qxd4 29. Rc7+ Kg8 30. Qh6 Nd7 31. h5 Qa1+ 32. Nf1 Qxf1+ 33. Kh2 Qa1 34. hxg6 hxg6 35. Qxg6+ Kf8 36. Bh5 Ke7 37. f4 Kd6 38. Rc2 Qe1 39. g3 Bc6 40. Re2 Qf1 41. Qg7 Kc7 42. Qh7 f5 43. Rc2 Qd3 44. Re2 Bxe4 0-1

[Event "Moscow op-E"]
[Site "Moscow"]
[Date "2011.02.03"]
[Round "6.228"]
[White "Gorshkov, Anatoly"]
[Black "Petukhov, Nikolay"]
[Result "1/2-1/2"]
[WhiteElo "2064"]
[BlackElo "1803"]
[PlyCount "78"]
[EventDate "2011.01.29"]
[EventType "swiss"]
[EventRounds "9"]
[EventCountry "RUS"]
[SourceTitle "EXT 2022"]
[Source "ChessBase"]
[SourceDate "2021.10.06"]
[SourceVersion "1"]
[SourceVersionDate "2021.10.06"]
[SourceQuality "1"]

1. c4 e5 2. Nc3 c5 3. g3 f5 4. Bg2 Nf6 5. d3 Nc6 6. Bg5 Be7 7. e3 0-0 8. Nge2 Ne8 9. Bxe7 Nxe7 10. 0-0 Nf6 11. f4 exf4 12. Nxf4 Nc6 13. d4 Qe7 14. Ncd5 Nxd5 15. Nxd5 Qd6 16. Qd2 b6 17. a3 Ba6 18. Rac1 Rae8 19. b4 cxb4 20. axb4 Ne7 21. b5 Bc8 22. Ra1 Qb8 23. Qd3 d6 24. Nb4 Bb7 25. Bxb7 Qxb7 26. d5 Qd7 27. Ra3 Ng6 28. Nc6 Ne5 29. Qd4 Ra8 30. Nxe5 dxe5 31. Qxe5 Rae8 32. Qc3 Re4 33. Rf4 Re7 34. Qd4 g5 35. Rf2 Re4 36. Qa1 Rxc4 37. Rd2 Rfc8 38. Qf6 Qxb5 39. Qxg5+ Kh8 1/2-1/2

[Event "RUS-ch Seniors"]
[Site "Lesnoj Gorodok"]
[Date "2009.10.04"]
[Round "2"]
[White "Turov, Vladimir"]
[Black "Petukhov, Nikolay"]
[Result "1-0"]
[WhiteElo "2120"]
[BlackElo "1815"]
[PlyCount "95"]
[EventDate "2009.10.03"]
[EventType "swiss"]
[EventRounds "9"]
[EventCountry "RUS"]
[SourceTitle "CBM 132 Extra"]
[Source "ChessBase"]
[SourceDate "2009.11.03"]
[SourceVersion "1"]
[SourceVersionDate "2009.11.03"]
[SourceQuality "1"]

1. d4 d5 2. Nf3 Nf6 3. g3 c6 4. Bg2 e6 5. 0-0 Be7 6. c4 dxc4 7. Ne5 0-0 8. Nxc4 Nd5 9. e4 Nb6 10. b3 Nxc4 11. bxc4 c5 12. Nc3 Qxd4 13. Qxd4 cxd4 14. Nb5 Nc6 15. Rd1 e5 16. h3 Be6 17. Nc7 Rac8 18. Nxe6 fxe6 19. Bd2 Bc5 20. f4 exf4 21. gxf4 e5 22. f5 Bb6 23. Kh2 Ba5 24. Rab1 Bxd2 25. Rxd2 Na5 26. Bf1 b6 27. Rb5 Nc6 28. c5 bxc5 29. Rxc5 g6 30. Bc4+ Kg7 31. Be6 Ne7 32. Bxc8 Rxc8 33. Rxe5 Kf6 34. Re6+ Kf7 35. Ra6 gxf5 36. exf5 Nxf5 37. Rf2 Rc5 38. Rxa7+ Ke6 39. Rxh7 d3 40. Rd2 Rc2 41. Rxc2 dxc2 42. Rc7 Nd4 43. a4 Kd5 44. Rc3 Kd6 45. Kg2 Nf5 46. Kf2 Nd4 47. h4 Nf5 48. Rxc2 1-0

[Event "Obninsk op"]
[Site "Obninsk"]
[Date "2009.07.??"]
[Round "9"]
[White "Mulenko, Alexander"]
[Black "Petukhov, Nikolay"]
[Result "1-0"]
[WhiteElo "2118"]
[BlackElo "1815"]
[PlyCount "37"]
[EventDate "2009.07.??"]
[EventType "swiss"]
[EventRounds "9"]
[EventCountry "RUS"]
[SourceTitle "CBM 131 Extra"]
[Source "ChessBase"]
[SourceDate "2009.09.03"]
[SourceVersion "2"]
[SourceVersionDate "2009.09.16"]
[SourceQuality "1"]

1. d4 d5 2. Nf3 Nf6 3. c4 c6 4. Nc3 e6 5. g3 dxc4 6. Bg2 Bb4 7. 0-0 Nd5 8. Qc2 Bxc3 9. bxc3 f6 10. Nd2 b5 11. a4 Bb7 12. Ba3 Qc7 13. Ne4 a6 14. Bd6 Qd7 15. Bc5 Ne7 16. Nd6+ Kf8 17. axb5 Kg8 18. Rfb1 Nf5 19. Nxb7 1-0

[Event "Moscow op-B"]
[Site "Moscow"]
[Date "2009.02.07"]
[Round "8"]
[White "Petukhov, Nikolay"]
[Black "Kalmykova, Tatiana"]
[Result "1/2-1/2"]
[WhiteElo "1843"]
[BlackElo "1400"]
[PlyCount "51"]
[EventDate "2009.01.31"]
[EventType "swiss"]
[EventRounds "9"]
[EventCountry "RUS"]
[SourceTitle "EXT 2012"]
[Source "ChessBase"]
[SourceDate "2011.11.24"]
[SourceVersion "1"]
[SourceVersionDate "2011.11.24"]
[SourceQuality "1"]

1. e4 c6 2. d4 d5 3. e5 Bf5 4. Bd3 Bxd3 5. Qxd3 e6 6. Qg3 Ne7 7. Ne2 Nf5 8. Qg4 Nd7 9. Ng3 Qh4 10. Qxh4 Nxh4 11. 0-0 c5 12. c3 Be7 13. f4 g6 14. Be3 Nf5 15. Nxf5 gxf5 16. Nd2 Rc8 17. Rac1 0-0 18. c4 Nb6 19. b3 dxc4 20. Nxc4 Nxc4 21. Rxc4 cxd4 22. Rxd4 Bc5 23. Rd3 Bxe3+ 24. Rxe3 Rc2 25. a4 Rfc8 26. Rg3+ 1/2-1/2

[Event "Moscow op-B"]
[Site "Moscow"]
[Date "2009.02.01"]
[Round "3"]
[White "Petukhov, Nikolay"]
[Black "Malov, Lev Pavlovich"]
[Result "0-1"]
[WhiteElo "1843"]
[BlackElo "2036"]
[PlyCount "96"]
[EventDate "2009.01.31"]
[EventType "swiss"]
[EventRounds "9"]
[EventCountry "RUS"]
[SourceTitle "EXT 2012"]
[Source "ChessBase"]
[SourceDate "2011.11.24"]
[SourceVersion "1"]
[SourceVersionDate "2011.11.24"]
[SourceQuality "1"]

1. e4 Nc6 2. d4 d5 3. e5 f6 4. f4 Bf5 5. Nc3 fxe5 6. fxe5 e6 7. Nf3 Bg4 8. Be2 Bxf3 9. Bxf3 Qh4+ 10. g3 Qxd4 11. Bf4 Bb4 12. Qd2 Qxd2+ 13. Bxd2 Nxe5 14. Bg2 Nc4 15. 0-0-0 Nxd2 16. Rxd2 0-0-0 17. Re2 Bxc3 18. bxc3 Nf6 19. Rxe6 Rde8 20. Rhe1 Rxe6 21. Rxe6 Kd8 22. c4 c6 23. cxd5 cxd5 24. Bxd5 Nxd5 25. Rd6+ Kc7 26. Rxd5 Rf8 27. Re5 Kd6 28. Re3 Rf1+ 29. Kb2 Rf5 30. Rb3 b6 31. Ra3 a5 32. Rb3 b5 33. h4 h5 34. Rd3+ Ke6 35. Rc3 Ke5 36. Re3+ Kf6 37. Re4 g5 38. Re3 g4 39. Re2 Rf3 40. Rg2 a4 41. Kb1 b4 42. Kb2 Ke5 43. Rg1 Kd4 44. Rg2 a3+ 45. Kc1 Kc3 46. Kd1 Rf1+ 47. Ke2 Rc1 48. Ke3 Rxc2 0-1

[Event "Moscow op-B 04th"]
[Site "Moscow"]
[Date "2008.02.08"]
[Round "7"]
[White "Fokin, Sergey"]
[Black "Petukhov, Nikolay"]
[Result "0-1"]
[WhiteElo "2141"]
[BlackElo "1887"]
[PlyCount "70"]
[EventDate "2008.02.02"]
[EventType "swiss"]
[EventRounds "9"]
[EventCountry "RUS"]
[SourceTitle "CBM 122 Extra"]
[Source "ChessBase"]
[SourceDate "2008.03.04"]
[SourceVersion "1"]
[SourceVersionDate "2008.03.04"]
[SourceQuality "1"]

1. Nf3 Nf6 2. c4 e6 3. g3 d5 4. d4 c5 5. cxd5 Nxd5 6. Bg2 Nc6 7. 0-0 Be7 8. Nc3 Nxc3 9. bxc3 0-0 10. e4 Qa5 11. Qb3 Rd8 12. Be3 cxd4 13. cxd4 Qh5 14. Rac1 Na5 15. Qb1 b6 16. Ne5 f6 17. Nd3 Ba6 18. Nf4 Qb5 19. Qa1 e5 20. Nd5 Bd6 21. dxe5 Bxe5 22. Bd4 Qe8 23. Rfd1 Rac8 24. Bxe5 fxe5 25. Bh3 Rc4 26. Rxc4 Bxc4 27. Qc1 Kh8 28. Rd2 b5 29. Ne3 Rd4 30. Nf5 Nc6 31. Nxd4 Nxd4 32. Qd1 Qf7 33. Rxd4 exd4 34. Qxd4 Bxa2 35. Qd8+ Qg8 0-1

[Event "Moscow op-B 04th"]
[Site "Moscow"]
[Date "2008.02.03"]
[Round "2"]
[White "Litvinov, Viktor"]
[Black "Petukhov, Nikolay"]
[Result "1-0"]
[WhiteElo "2129"]
[BlackElo "1887"]
[PlyCount "41"]
[EventDate "2008.02.02"]
[EventType "swiss"]
[EventRounds "9"]
[EventCountry "RUS"]
[SourceTitle "CBM 122 Extra"]
[Source "ChessBase"]
[SourceDate "2008.03.04"]
[SourceVersion "1"]
[SourceVersionDate "2008.03.04"]
[SourceQuality "1"]

1. c4 e5 2. Nc3 Nc6 3. Nf3 Nf6 4. g3 d6 5. Bg2 Bd7 6. 0-0 Qc8 7. Re1 Be7 8. a3 h5 9. b4 h4 10. b5 hxg3 11. fxg3 Nd4 12. e3 Nf5 13. d4 Ng4 14. Ne4 f6 15. Qd3 Kf7 16. Bb2 Nfxe3 17. Rxe3 f5 18. Neg5+ Kg6 19. h4 e4 20. Rxe4 Bxg5 21. Rxg4 1-0

[Event "Moscow op-B 04th"]
[Site "Moscow"]
[Date "2008.02.02"]
[Round "1"]
[White "Petukhov, Nikolay"]
[Black "Chasovnikova, Eugenia"]
[Result "0-1"]
[WhiteElo "1887"]
[BlackElo "2184"]
[PlyCount "20"]
[EventDate "2008.02.02"]
[EventType "swiss"]
[EventRounds "9"]
[EventCountry "RUS"]
[SourceTitle "CBM 122 Extra"]
[Source "ChessBase"]
[SourceDate "2008.03.04"]
[SourceVersion "1"]
[SourceVersionDate "2008.03.04"]
[SourceQuality "1"]

1. b4 e5 2. Bb2 Bxb4 3. Bxe5 Nf6 4. e3 0-0 5. Nf3 d5 6. Bb2 c5 7. c3 Ba5 8. Qb3 c4 9. Qc2 Nc6 10. e4 Nxe4 0-1